000 00670nam a2200277Ia 4500
005 20260324121652.0
008 008 260324s9999 xx 000 0 eng d
020 _a9781315754222
037 _aEBOOK
040 _aCRL
040 _beng
040 _cCRL
041 _2eng
041 _aeng
084 _qCRL
100 _aJennifer Reich; Carole Joffe
_91163402
245 0 _aReproduction and Society: Interdisciplinary Readings
260 _bTaylor and Francis
260 _c2014
365 _a
365 _b1000
856 _uhttp://www.taylorfrancis.com/books/9781315754222
942 _cEBOOK
999 _c1755662
_d1755662